[Event "Khanty-Mansiysk TOP 28 Blitz GP"]
[Site "Khanty-Mansiysk"]
[Date "2023.12.04"]
[Round "9"]
[White "Afanasiev, Nikita"]
[Black "Grebnev, Aleksey"]
[Result "1-0"]
[WhiteElo "2540"]
[BlackElo "2525"]
[PlyCount "67"]
[EventDate "2023.12.04"]
[EventType "tourn (blitz)"]
[EventRounds "13"]
[EventCountry "RUS"]
[EventCategory "10"]
[SourceTitle "CB49_2023"]
[SourceDate "2023.12.06"]
[SourceVersion "1"]
[SourceVersionDate "2023.12.06"]
[SourceQuality "1"]

1. Nf3 c5 2. g3 Nc6 3. Bg2 g6 4. 0-0 Bg7 5. Nc3 d6 6. e3 e5 7. d4 cxd4 8. exd4 exd4 9. Nb5 Nge7 10. Nbxd4 0-0 11. c3 Qb6 12. Nb3 Nf5 13. Bf4 a5 14. Qc2 Be6 15. Ng5 Bc4 16. Rfe1 h6 17. Ne4 Rfd8 18. h4 Rac8 19. Rad1 a4 20. Nbd2 Bxa2 21. Qxa4 Qxb2 22. Nc4 Qb3 23. Nb6 Qxa4 24. Nxa4 Ne5 25. Nb6 Rc6 26. Nd5 Bxd5 27. Rxd5 h5 28. Rb1 Rc7 29. Bh3 Re8 30. Bxf5 gxf5 31. Nxd6 Rd8 32. Rxe5 Bxe5 33. Bxe5 Rc5 34. Nxb7 1-0

[Event "Khanty-Mansiysk TOP 28 Blitz GP"]
[Site "Khanty-Mansiysk"]
[Date "2023.12.04"]
[Round "3"]
[White "Kryakvin, Dmitry"]
[Black "Grebnev, Aleksey"]
[Result "1-0"]
[WhiteElo "2471"]
[BlackElo "2525"]
[PlyCount "67"]
[EventDate "2023.12.04"]
[EventType "tourn (blitz)"]
[EventRounds "13"]
[EventCountry "RUS"]
[EventCategory "10"]
[SourceTitle "CB49_2023"]
[SourceDate "2023.12.06"]
[SourceVersion "1"]
[SourceVersionDate "2023.12.06"]
[SourceQuality "1"]

1. Nf3 Nf6 2. c4 e6 3. g3 b6 4. Bg2 Bb7 5. 0-0 c5 6. b3 Be7 7. Bb2 0-0 8. Nc3 a6 9. d4 cxd4 10. Nxd4 Bxg2 11. Kxg2 d6 12. e3 Qc7 13. Qf3 Ra7 14. Rac1 Rc8 15. Rfd1 Nbd7 16. Nd5 exd5 17. cxd5 Nc5 18. b4 Rb7 19. Nf5 Bd8 20. bxc5 bxc5 21. Ba1 Rb4 22. Rb1 Rcb8 23. Rxb4 Rxb4 24. h3 Qd7 25. g4 a5 26. Nxg7 Kxg7 27. g5 Kf8 28. gxf6 Qe8 29. Kh2 Qe4 30. Qg3 Rb6 31. Rg1 Ke8 32. Qg8+ Kd7 33. Qxf7+ Kc8 34. Qe6+ 1-0

[Event "Khanty-Mansiysk TOP 28 Blitz GP"]
[Site "Khanty-Mansiysk"]
[Date "2023.12.04"]
[Round "1"]
[White "Lobanov, Sergei"]
[Black "Grebnev, Aleksey"]
[Result "1/2-1/2"]
[WhiteElo "2502"]
[BlackElo "2525"]
[PlyCount "57"]
[EventDate "2023.12.04"]
[EventType "tourn (blitz)"]
[EventRounds "13"]
[EventCountry "RUS"]
[EventCategory "10"]
[SourceTitle "CB49_2023"]
[SourceDate "2023.12.06"]
[SourceVersion "1"]
[SourceVersionDate "2023.12.06"]
[SourceQuality "1"]

1. d4 Nf6 2. c4 e6 3. Nc3 Bb4 4. e3 0-0 5. Bd3 Re8 6. Nge2 d5 7. 0-0 Nbd7 8. a3 Bf8 9. cxd5 exd5 10. Nf4 Nb6 11. a4 a5 12. b3 c6 13. f3 Bb4 14. Nce2 c5 15. dxc5 Bxc5 16. Nd4 Nbd7 17. Kh1 Ne5 18. Bc2 Bd7 19. Bb2 Rc8 20. Qe2 Nc6 21. Rad1 Nxd4 22. Bxd4 Bxd4 23. Rxd4 Qb6 24. Qd2 Be6 25. h3 h6 26. Rb1 Qc7 27. Bd3 Qc3 28. Qxc3 Rxc3 29. Ne2 1/2-1/2

[Event "Khanty-Mansiysk TOP 28 Blitz GP"]
[Site "Khanty-Mansiysk"]
[Date "2023.12.04"]
[Round "11"]
[White "Makarian, Rudik"]
[Black "Grebnev, Aleksey"]
[Result "1-0"]
[WhiteElo "2530"]
[BlackElo "2525"]
[PlyCount "77"]
[EventDate "2023.12.04"]
[EventType "tourn (blitz)"]
[EventRounds "13"]
[EventCountry "RUS"]
[EventCategory "10"]
[SourceTitle "CB49_2023"]
[SourceDate "2023.12.06"]
[SourceVersion "1"]
[SourceVersionDate "2023.12.06"]
[SourceQuality "1"]

1. d4 b5 2. Nf3 Bb7 3. e3 a6 4. a4 b4 5. Bd3 Nf6 6. 0-0 e6 7. Qe2 d5 8. c4 bxc3 9. bxc3 Nbd7 10. c4 dxc4 11. Bxc4 c5 12. Ba3 cxd4 13. Bxf8 Nxf8 14. Nxd4 Ng6 15. Nd2 0-0 16. Rab1 Qe7 17. Rb6 Nd5 18. Bxd5 Bxd5 19. N4f3 Qd7 20. Ra1 Bc6 21. a5 Bb5 22. Qe1 e5 23. Ne4 Rac8 24. Nd6 Rb8 25. Nxb5 axb5 26. Rxb8 Rxb8 27. Qb4 h6 28. h3 Qc6 29. Nd2 Ra8 30. Qe4 Qa6 31. Qd5 b4 32. Nb3 Ra7 33. Rc1 Kh7 34. Qc5 Rb7 35. Qc6 Qa7 36. Rc5 Rd7 37. a6 Rd1+ 38. Kh2 Rb1 39. Qb7 1-0

[Event "Wch U18"]
[Site "Montesilvano"]
[Date "2023.11.24"]
[Round "11"]
[White "Murzin, Volodar"]
[Black "Grebnev, Aleksey"]
[Result "1-0"]
[WhiteElo "2625"]
[BlackElo "2500"]
[PlyCount "89"]
[EventDate "2023.11.13"]
[EventType "swiss"]
[EventRounds "11"]
[EventCountry "ITA"]
[SourceTitle "CB48_2023"]
[SourceDate "2023.11.29"]
[SourceVersion "1"]
[SourceVersionDate "2023.11.29"]
[SourceQuality "1"]

1. Nf3 c5 2. c4 Nc6 3. Nc3 Nf6 4. d4 cxd4 5. Nxd4 g6 6. e4 d6 7. Nc2 Bg7 8. Be2 0-0 9. 0-0 Nd7 10. Bd2 Nc5 11. b4 Ne6 12. Rc1 a5 13. b5 Ncd4 14. Nxd4 Bxd4 15. Nd5 b6 16. Bg4 Bc5 17. Kh1 Nc7 18. Bg5 Nxd5 19. cxd5 Bxg4 20. Qxg4 Qc8 21. Qh4 f6 22. Bh6 Rf7 23. f4 f5 24. e5 e6 25. Rfd1 exd5 26. Rxd5 dxe5 27. fxe5 Qe8 28. Qc4 Bf8 29. Bxf8 Kxf8 30. Qd4 Kg8 31. Rc6 Re7 32. h4 Qf7 33. Rf6 Qe8 34. Rxb6 Rc7 35. Rbd6 Qe7 36. b6 Rc1+ 37. Kh2 Rf8 38. Rd7 Qe6 39. R5d6 Qxa2 40. e6 Qa1 41. Qxa1 Rxa1 42. e7 Re8 43. Rd8 Kf7 44. Rxe8 Kxe8 45. b7 1-0

[Event "Wch U18"]
[Site "Montesilvano"]
[Date "2023.11.23"]
[Round "10"]
[White "Grebnev, Aleksey"]
[Black "Prraneeth, Vuppala"]
[Result "1-0"]
[WhiteElo "2500"]
[BlackElo "2512"]
[PlyCount "89"]
[EventDate "2023.11.13"]
[EventType "swiss"]
[EventRounds "11"]
[EventCountry "ITA"]
[SourceTitle "CB48_2023"]
[SourceDate "2023.11.29"]
[SourceVersion "1"]
[SourceVersionDate "2023.11.29"]
[SourceQuality "1"]

1. d4 Nf6 2. c4 e6 3. Nc3 Bb4 4. e3 0-0 5. Bd3 d5 6. a3 Bxc3+ 7. bxc3 dxc4 8. Bxc4 c5 9. Nf3 Qc7 10. Be2 b6 11. Bb2 cxd4 12. cxd4 Ba6 13. 0-0 Bxe2 14. Qxe2 Nbd7 15. e4 Rfc8 16. Rfc1 Qb7 17. Re1 b5 18. Rab1 Rc4 19. Qd3 a6 20. Nd2 Rc7 21. Nf1 Rd8 22. Qf3 h6 23. Ng3 Rc2 24. Ba1 Qb6 25. Rbd1 Rdc8 26. d5 e5 27. Nf5 Kh7 28. Ne3 R2c5 29. h3 g6 30. Ng4 Qd6 31. Qxf6 Nxf6 32. Bxe5 Qe7 33. Bxf6 Qb7 34. Ba1 h5 35. Nf6+ Kh6 36. e5 Rd8 37. d6 Qc8 38. Bd4 Rc6 39. Be3+ Kg7 40. Bg5 Rc2 41. d7 Qb8 42. e6 Qb6 43. Ne4 fxe6 44. Bxd8 Qxd8 45. Ng5 1-0